Guía artística de Córdoba o sea Indicación de los principales monumentos y objetos de arte que el curioso o aficionado debe visitar en esta ciudad / (Record no. 162923)

MARC details
000 -LEADER
campo de control de longitud fija 00882nam a2200193 i 4500
001 - NÚMERO DE CONTROL
campo de control 162923
003 - IDENTIFICADOR DE NÚMERO DE CONTROL
campo de control ES-MaACL
005 - FECHA Y HORA DE LA ÚLTIMA TRANSACCIÓN
campo de control 20251014063235.0
008 - DATOS DE LONGITUD FIJA--INFORMACIÓN GENERAL
campo de control de longitud fija 010309s1896 sp |||| | spa d
040 ## - FUENTE DE CATALOGACIÓN
Centro catalogador/agencia de origen CCPB | B
Lengua de catalogación spa
Centro/agencia transcriptor CCPB | B
100 1# - ENTRADA PRINCIPAL--NOMBRE DE PERSONA
Nombre de persona Ramírez de Arellano y Díaz de Morales, Rafael,
Fechas asociadas al nombre 1854-1921
9 (RLIN) 95134
245 10 - MENCIÓN DEL TÍTULO
Título Guía artística de Córdoba o sea Indicación de los principales monumentos y objetos de arte que el curioso o aficionado debe visitar en esta ciudad /
Mención de responsabilidad, etc. por Don Rafael Ramírez de Arellano.
246 30 - FORMA VARIANTE DEL TITULO
Título propio/Titulo breve Indicación de los principales monumentos y objetos de arte que el curioso o aficionado debe visitar en esta ciudad
260 ## - PUBLICACIÓN, DISTRIBUCIÓN, ETC.
Lugar de publicación, distribución, etc. Sevilla :
Nombre del editor, distribuidor, etc. [s.n.],
Fecha de publicación, distribución, etc. 1896 (
Fabricante Tip. y Enc. de Enrique Bergali)
300 ## - DESCRIPCIÓN FÍSICA
Extensión 89 p. ;
Dimensiones 21 cm.
650 #4 - PUNTO DE ACCESO ADICIONAL DE MATERIA--TÉRMINO DE MATERIA
Término de materia o nombre geográfico como elemento de entrada Arte-
Subdivisión geográfica Córdoba.
9 (RLIN) 157774
852 ## - LOCALIZACIÓN
Ubicación ES-MaACL
Número de control de estantería 1527-F-17
Nota libre - Rúst.
Holdings
Estatus retirado Estado de pérdida Estado de daño No para préstamo Colección Biblioteca de origen Biblioteca actual Ubicación en estantería Fecha de adquisición Fuente de adquisición Total de préstamos Signatura topográfica completa Código de barras Visto por última vez Precio de reemplazo Tipo de ítem Koha
        Colección de folletos Biblioteca del Ateneo de Madrid Biblioteca del Ateneo de Madrid Depósito folletos 17/01/2008     1527-F-17 1170703 23/02/2023 23/02/2023 Folleto